Gendai kenpōgaku no riron / (Record no. 35225)

MARC details
000 -LEADER
fixed length control field 00803cam a22002414 4500
001 - CONTROL NUMBER
control field j 68003497
003 - CONTROL NUMBER IDENTIFIER
control field DLC
005 - DATE AND TIME OF LATEST TRANSACTION
control field 20260227111523.0
008 - FIXED-LENGTH DATA ELEMENTS--GENERAL INFORMATION
fixed length control field 101006s1967 ja a 001 0 jpn
010 ## - LIBRARY OF CONGRESS CONTROL NUMBER
LC control number j 68003497
040 ## - CATALOGING SOURCE
Original cataloging agency DLC
Transcribing agency DLC
Modifying agency DLC
043 ## - GEOGRAPHIC AREA CODE
Geographic area code a-ja---
050 00 - LIBRARY OF CONGRESS CALL NUMBER
Classification number K3165
Item number .K24 1967
100 1# - MAIN ENTRY--PERSONAL NAME
Linkage 880-01
Personal name Kageyama, Hideya,
Dates associated with a name 1933-1976.
245 10 - TITLE STATEMENT
Linkage 880-02
Title Gendai kenpōgaku no riron /
Statement of responsibility, etc. Kageyama Hideya cho.
260 ## - PUBLICATION, DISTRIBUTION, ETC.
Linkage 880-03
Place of publication, distribution, etc. Tōkyō :
Name of publisher, distributor, etc. Nihon Hyōronsha,
Date of publication, distribution, etc. 1967.
300 ## - PHYSICAL DESCRIPTION
Extent 14, 281, 10 p. :
Other physical details ill. ;
Dimensions 22 cm.
650 #0 - SUBJECT ADDED ENTRY--TOPICAL TERM
Topical term or geographic name entry element Constitutional law.
650 #0 - SUBJECT ADDED ENTRY--TOPICAL TERM
Topical term or geographic name entry element Constitutional law
Geographic subdivision Japan.
880 1# - ALTERNATE GRAPHIC REPRESENTATION
Linkage 100-01/$1
a 影山日出彌,
d 1933-1976.
880 10 - ALTERNATE GRAPHIC REPRESENTATION
Linkage 245-02/$1
a 現代憲法学の理論 /
c 影山日出彌著.
880 ## - ALTERNATE GRAPHIC REPRESENTATION
Linkage 260-03/$1
a 東京 :
b 日本評論社,
c 1967.

No items available.

Powered by Koha